De Díaz Mirón a Rubén Darío ; un curso en la Universidad de Chile sobre la evolución de la poesía hispano americana /

Bibliographic Details
Main Author: Meza Fuentes, Roberto, 1899-
Format: Book
Language:Spanish
Published: [Santiago de Chile] : Editorial Andrés Bello, 1964.
Edition:2. ed.
Subjects:

MARC

Tag First Indicator Second Indicator Subfields
LEADER 00000cam a2200000u 4500
001 in00001126313
005 20150930072122.0
008 901207s1964 cl 000 0 spa d
019 |a 00809314 
035 |a (OCoLC)23224381 
035 |9 AFW3335AM 
040 |a COO  |c COO  |d TEU  |d UtOrBLW 
049 |a TXAM 
082 0 |a 861.609 
090 |a PQ7082.P7  |b M43 1964 
100 1 |a Meza Fuentes, Roberto,  |d 1899- 
245 1 3 |a De Díaz Mirón a Rubén Darío ;  |b un curso en la Universidad de Chile sobre la evolución de la poesía hispano americana /  |c Roberto Meza Fuentes, Salvador Díaz Mirón, Manuel Gutiérrez Nájera, José Martí, José Asunción Silva, Julián del Casal, Rubén Darío. 
250 |a 2. ed. 
264 1 |a [Santiago de Chile] :  |b Editorial Andrés Bello,  |c 1964. 
300 |a 329 pages ;  |c 22 cm. 
336 |a text  |b txt  |2 rdacontent 
337 |a unmediated  |b n  |2 rdamedia 
338 |a volume  |b nc  |2 rdacarrier 
650 0 |a Spanish American poetry  |x History and criticism. 
999 |a MARS 
999 f f |s 684f21b4-641b-3bb9-816e-0a7096d3f44a  |i a8663b47-add1-3191-a93a-a780f7304409  |t 0 
952 f f |p normal  |a Texas A&M University  |b College Station  |c Sterling C. Evans Library  |d Evans: Library Stacks  |t 0  |e PQ7082.P7 M43 1964  |h Library of Congress classification  |i unmediated -- volume  |m A14817409220 
998 f f |a PQ7082.P7 M43 1964  |t 0  |l Evans: Library Stacks